000 00471nam a2200181Ia 4500
001 16747
005 20260306170333.0
008 260306t2007||||xx |||||||||||||| ||und||
041 _aESP
082 _a349.75
_bR76
100 _aRodríguez-Ocaña, Rafael
_eAUT
245 0 _aProcesos de nulidad matrimonial:
_bla instrucción dignitas connubii
260 _c2007
300 _a465 páginas :
_c24 cm.
650 _aGEN
654 _aCDE
942 _cLIB
_dJUS
_fJUS
_2ddc
_n
999 _c16747
_d16747